Top 15 Greatest NBA Players of All Time - Statistics

General Stats
  • This quiz has been taken 61 times
  • The average score is 13 of 15
Answer Stats
Hint Answer % Correct
1. LeBron James
100%
2. Michael Jordan
100%
7. Stephen Curry
95%
3. Kareem Abdul-Jabbar
93%
6. Kobe Bryant
93%
5. Shaquille O'Neal
91%
9. Larry Bird
89%
8. Magic Johnson
89%
13. Kevin Durant
85%
4. Tim Duncan
84%
11. Wilt Chamberlain
82%
10. Hakeem Olajuwon
76%
12. Bill Russell
75%
15. Nikola Jokic
62%
14. Julius Erving
49%
No matching quizzes found
Score Distribution
Percent of People with Each Score
Percentile by Number Answered
Your Score History
You have not taken this quiz